[Event "Stuttgart-chB int"]
[Site "Ditzingen"]
[Date "2016.05.05"]
[Round "2"]
[White "Pibernik, Dario"]
[Black "Michna, Marcus"]
[Result "0-1"]
[WhiteElo "1562"]
[BlackElo "1784"]
[PlyCount "68"]
[EventDate "2016.05.05"]
[EventType "swiss"]
[EventRounds "7"]
[EventCountry "GER"]
[SourceTitle "EXT 2018"]
[Source "ChessBase"]
[SourceDate "2017.10.13"]
[SourceVersion "1"]
[SourceVersionDate "2017.10.13"]
[SourceQuality "1"]

1. e4 e6 2. d4 d5 3. Nc3 Nf6 4. e5 Nfd7 5. Nf3 c5 6. Bg5 Qb6 7. Na4 Qa5+ 8. c3 cxd4 9. Nxd4 a6 10. Bd3 b5 11. Nxe6 Nxe5 12. Nxg7+ Bxg7 13. Bxh7 bxa4 14. Qc2 Be6 15. f4 Nc4 16. f5 Nxb2 17. 0-0 Qxc3 18. fxe6 Qxc2 19. exf7+ Kd7 20. Bxc2 Nc6 21. Rae1 Raf8 22. Bf5+ Kc7 23. Be6 Be5 24. h3 Kd6 25. Bg4 Rh7 26. h4 Rhxf7 27. Bh5 Bd4+ 28. Kh2 Rxf1 29. Rxf1 Rxf1 30. Bf3 Rxf3 31. gxf3 a3 32. h5 Nc4 33. f4 Ke6 34. Kg3 Kf5 0-1

[Event "GER Liga Q Server-33 email"]
[Site "GER email"]
[Date "2015.12.01"]
[Round "?"]
[White "Moser, Juergen"]
[Black "Pibernik, Dario"]
[Result "1-0"]
[WhiteElo "1646"]
[BlackElo "1419"]
[PlyCount "55"]
[EventDate "2015.12.06"]
[EventType "tourn (corr)"]
[EventRounds "6"]
[EventCountry "GER"]
[SourceTitle "Corr 2020"]
[Source "ChessBase"]
[SourceDate "2019.09.30"]
[SourceVersion "1"]
[SourceVersionDate "2019.09.30"]
[SourceQuality "1"]

1. d4 d5 2. c4 dxc4 3. Nf3 Nc6 4. e4 Nf6 5. Nc3 Bg4 6. d5 Ne5 7. Be2 Qd6 8. Nxe5 Bxe2 9. Qa4+ Nd7 10. f4 Bd3 11. Nxc4 Bxc4 12. Qxc4 Nb6 13. Qd3 0-0-0 14. Be3 e6 15. 0-0-0 Be7 16. a3 exd5 17. exd5 a6 18. Rd2 Nd7 19. Ne4 Qh6 20. Kb1 Nf6 21. Nxf6 Qxf6 22. Rc1 Bd6 23. g3 h5 24. Bd4 Qh6 25. Rdc2 Rd7 26. Qf5 h4 27. Bb6 Qg6 28. Rxc7+ 1-0

[Event "GER Liga Q Server-33 email"]
[Site "GER email"]
[Date "2015.12.01"]
[Round "?"]
[White "Pibernik, Dario"]
[Black "Balleer, Dieter"]
[Result "0-1"]
[WhiteElo "1419"]
[BlackElo "1971"]
[PlyCount "28"]
[EventDate "2015.12.06"]
[EventType "tourn (corr)"]
[EventRounds "6"]
[EventCountry "GER"]
[SourceTitle "Corr 2020"]
[Source "ChessBase"]
[SourceDate "2019.09.30"]
[SourceVersion "1"]
[SourceVersionDate "2019.09.30"]
[SourceQuality "1"]

1. Nf3 d5 2. d4 Nf6 3. c4 dxc4 4. Bf4 e6 5. Qa4+ Nc6 6. e3 Bb4+ 7. Nc3 Nd5 8. Rc1 Nxf4 9. exf4 Qd5 10. Kd1 Bxc3 11. Rxc3 b5 12. Bxc4 bxc4 13. Rxc4 Bd7 14. Ne5 Nxe5 0-1

[Event "GER Liga Q Server-33 email"]
[Site "GER email"]
[Date "2015.12.01"]
[Round "?"]
[White "Pibernik, Dario"]
[Black "Wittlieb, Friedhelm"]
[Result "1-0"]
[WhiteElo "1419"]
[BlackElo "1239"]
[PlyCount "53"]
[EventDate "2015.12.06"]
[EventType "tourn (corr)"]
[EventRounds "6"]
[EventCountry "GER"]
[SourceTitle "Corr 2020"]
[Source "ChessBase"]
[SourceDate "2019.09.30"]
[SourceVersion "1"]
[SourceVersionDate "2019.09.30"]
[SourceQuality "1"]

1. d4 d5 2. c4 e6 3. Nc3 Nf6 4. cxd5 Nxd5 5. e4 Nf6 6. Bg5 Be7 7. Nf3 Nc6 8. Qd2 0-0 9. 0-0-0 Bd6 10. e5 Be7 11. exf6 Bxf6 12. Ne4 Be7 13. Bxe7 Nxe7 14. Bd3 a6 15. Nfg5 Qxd4 16. Nxh7 Kxh7 17. Ng5+ Kg8 18. Bh7+ Kh8 19. Qxd4 f6 20. Nxe6 Bxe6 21. Qh4 Nf5 22. Bxf5+ Kg8 23. Bxe6+ Rf7 24. Qh5 Raf8 25. Rd7 Rc8 26. Qxf7+ Kh7 27. Qxg7# 1-0

[Event "GER Liga Q Server-33 email"]
[Site "GER email"]
[Date "2015.12.01"]
[Round "?"]
[White "Wernitz, Helmut"]
[Black "Pibernik, Dario"]
[Result "1-0"]
[WhiteElo "1578"]
[BlackElo "1419"]
[PlyCount "53"]
[EventDate "2015.12.06"]
[EventType "tourn (corr)"]
[EventRounds "6"]
[EventCountry "GER"]
[SourceTitle "Corr 2020"]
[Source "ChessBase"]
[SourceDate "2019.09.30"]
[SourceVersion "1"]
[SourceVersionDate "2019.09.30"]
[SourceQuality "1"]

1. d4 Nf6 2. Nc3 e6 3. e4 d5 4. Bg5 Be7 5. Bxf6 Bxf6 6. e5 Be7 7. Qg4 0-0 8. 0-0-0 f6 9. Bd3 fxe5 10. dxe5 Rxf2 11. Nf3 Bc5 12. Kb1 Be3 13. h4 Qf8 14. Bxh7+ Kxh7 15. Ng5+ Kg8 16. Qh5 Qf5 17. Nce4 Nd7 18. Nxf2 Bxf2 19. Rhf1 Nxe5 20. Qe8+ Qf8 21. Qxf8+ Kxf8 22. Rxf2+ Ke7 23. Re1 Nc6 24. Rf7+ Kd6 25. Rxg7 Bd7 26. c4 Rd8 27. Nf7+ 1-0

[Event "GER Liga Q Server-32 email"]
[Site "GER email"]
[Date "2015.07.31"]
[Round "?"]
[White "Pibernik, Dario"]
[Black "Zens, Rolf"]
[Result "1-0"]
[WhiteElo "1419"]
[BlackElo "1662"]
[PlyCount "53"]
[EventDate "2015.08.10"]
[EventType "tourn (corr)"]
[EventRounds "6"]
[EventCountry "GER"]
[SourceTitle "Corr 2020"]
[Source "ChessBase"]
[SourceDate "2019.09.30"]
[SourceVersion "1"]
[SourceVersionDate "2019.09.30"]
[SourceQuality "1"]

1. e4 c5 2. Nc3 e6 3. Bc4 a6 4. a3 b5 5. Ba2 Bb7 6. d3 d6 7. Nh3 Nf6 8. Bg5 Be7 9. Qd2 Nbd7 10. 0-0 0-0 11. f4 h6 12. Bxf6 Bxf6 13. Rf3 Nb6 14. Rg3 Kh8 15. Rf1 Bd4+ 16. Kh1 d5 17. f5 Be5 18. Nf4 exf5 19. exf5 Qd6 20. Rg4 Rad8 21. Nh5 Bf6 22. Rf3 Nd7 23. Rh3 Ne5 24. Rgg3 Qb6 25. Nf4 c4 26. Nfxd5 Bxd5 27. Qxh6+ 1-0

[Event "GER-Cup27 E/V05 email"]
[Site "GER email"]
[Date "2015.07.27"]
[Round "?"]
[White "Pibernik, Dario"]
[Black "Dreisch, Juergen"]
[Result "0-1"]
[WhiteElo "1419"]
[BlackElo "1965"]
[PlyCount "34"]
[EventDate "2015.08.07"]
[EventType "tourn (corr)"]
[EventRounds "4"]
[EventCountry "GER"]
[SourceTitle "Corr 2020"]
[Source "ChessBase"]
[SourceDate "2019.09.30"]
[SourceVersion "1"]
[SourceVersionDate "2019.09.30"]
[SourceQuality "1"]

1. d4 d5 2. c4 c5 3. Nc3 dxc4 4. d5 e6 5. e4 exd5 6. Nxd5 Ne7 7. Bxc4 Nxd5 8. Bxd5 Be7 9. Qb3 0-0 10. Bxb7 c4 11. Qb5 a6 12. Qd5 Bxb7 13. Qxb7 Ra7 14. Qd5 Rd7 15. Qxc4 Rd1+ 16. Ke2 Qd7 17. Qc2 Qg4+ 0-1

[Event "GER-Cup27 E/V05 email"]
[Site "GER email"]
[Date "2015.07.27"]
[Round "?"]
[White "Wilshusen, Horst"]
[Black "Pibernik, Dario"]
[Result "0-1"]
[WhiteElo "1434"]
[BlackElo "1419"]
[PlyCount "52"]
[EventDate "2015.08.07"]
[EventType "tourn (corr)"]
[EventRounds "4"]
[EventCountry "GER"]
[SourceTitle "Corr 2020"]
[Source "ChessBase"]
[SourceDate "2019.09.30"]
[SourceVersion "1"]
[SourceVersionDate "2019.09.30"]
[SourceQuality "1"]

1. e4 c5 2. Nf3 Nc6 3. d4 cxd4 4. Nxd4 a6 5. Nc3 e6 6. Be2 Qb6 7. Nb3 Nf6 8. 0-0 Bb4 9. Be3 Qc7 10. f3 Bxc3 11. bxc3 Ne7 12. Bc5 d5 13. Qd4 0-0 14. Qe3 Re8 15. Bb6 Qb8 16. Qf2 Nc6 17. Rae1 Qe5 18. Bd3 Qxc3 19. Nd4 Nb4 20. Bb5 Bd7 21. e5 Bxb5 22. exf6 Bxf1 23. Qg3 g6 24. Kxf1 Nxc2 25. Nxc2 Qxc2 26. Re2 Qb1+ 0-1

[Event "GER Liga Q Server-31 email"]
[Site "GER email"]
[Date "2015.05.25"]
[Round "?"]
[White "Moser, Juergen"]
[Black "Pibernik, Dario"]
[Result "1-0"]
[WhiteElo "1637"]
[BlackElo "1419"]
[PlyCount "63"]
[EventDate "2015.06.05"]
[EventType "tourn (corr)"]
[EventRounds "6"]
[EventCountry "GER"]
[SourceTitle "Corr 2020"]
[Source "ChessBase"]
[SourceDate "2019.09.30"]
[SourceVersion "1"]
[SourceVersionDate "2019.09.30"]
[SourceQuality "1"]

1. d4 Nf6 2. c4 g6 3. Nc3 d5 4. cxd5 Nxd5 5. e4 Nxc3 6. bxc3 Bg7 7. Bc4 Nc6 8. Ne2 0-0 9. 0-0 b6 10. Be3 Bb7 11. f4 e6 12. Qc2 Qc8 13. Rad1 Na5 14. Bd3 f5 15. e5 Qd7 16. a4 Qd5 17. Nc1 Nc4 18. Bxc4 Qxc4 19. Qb3 Qc6 20. Rf2 Rfe8 21. c4 Rad8 22. Na2 a5 23. Nc3 Re7 24. d5 Qe8 25. Nb5 exd5 26. cxd5 Qf7 27. e6 Qf6 28. Bd4 Qh4 29. Bxg7 Rxg7 30. d6 Kh8 31. dxc7 Rxd1+ 32. Qxd1 1-0

[Event "Stuttgart-chB op"]
[Site "Ditzingen"]
[Date "2015.05.16"]
[Round "5"]
[White "Pibernik, Dario"]
[Black "Helmich, Joerg"]
[Result "1/2-1/2"]
[WhiteElo "1525"]
[BlackElo "1704"]
[PlyCount "140"]
[EventDate "2015.05.17"]
[EventType "swiss"]
[EventRounds "7"]
[EventCountry "GER"]
[SourceTitle "EXT 2018"]
[Source "ChessBase"]
[SourceDate "2017.10.13"]
[SourceVersion "1"]
[SourceVersionDate "2017.10.13"]
[SourceQuality "1"]

1. e4 e6 2. d4 d5 3. Nd2 Nf6 4. e5 Nfd7 5. Nb3 c5 6. f4 Nc6 7. Nf3 cxd4 8. Nbxd4 Bc5 9. c3 Qb6 10. Nc2 Bf2+ 11. Ke2 Bc5 12. b4 Be7 13. Be3 Qc7 14. a4 f6 15. exf6 Nxf6 16. Ncd4 Nxd4+ 17. Qxd4 0-0 18. Rc1 Ne4 19. Ng5 Bf6 20. Qd3 Nxg5 21. fxg5 Be5 22. h4 Bf4 23. Rh3 Bxe3 24. Rxe3 Qf4 25. Kd2 Bd7 26. g3 Qf2+ 27. Be2 Qf5 28. Qd4 Bxa4 29. b5 Bb3 30. Rf3 Qe4 31. Rxf8+ Rxf8 32. Qxa7 Bc4 33. Re1 Bb3 34. Rc1 Bc4 35. Qe3 Bxe2 36. Qxe2 Qf5 37. Re1 Qf2 38. Qxf2 Rxf2+ 39. Ke3 Rb2 40. Kd4 Rxb5 41. Rxe6 Kf7 42. Rd6 Rb1 43. Rxd5 Ke6 44. Re5+ Kd6 45. Rf5 Rg1 46. Rf7 Rxg3 47. Rxb7 Rg4+ 48. Kd3 Rxh4 49. Rxg7 Rg4 50. Rxh7 Rxg5 51. Rh4 Rg3+ 52. Kd4 Rg1 53. Rh6+ Kc7 54. c4 Rg4+ 55. Kc5 Rg5+ 56. Kb4 Rg8 57. Kb5 Rb8+ 58. Kc5 Rg8 59. Rh7+ Kc8 60. Kc6 Rg6+ 61. Kb5 Rg5+ 62. c5 Rg1 63. Kb6 Rb1+ 64. Kc6 Kd8 65. Rh8+ Ke7 66. Kc7 Rg1 67. c6 Rb1 68. Kc8 Rc1 69. Rh7+ Ke8 70. Rb7 Rxc6+ 1/2-1/2